000 00620nam a2200229Ia 4500
003 OSt
005 20221007063246.0
006 a|||||r|||| 00| 0
007 ta
008 221006b |||||||| |||| 00| 0 eng d
024 _a11,999
037 _cTextual
040 _aFLL
_cFLL
_beng
041 _2eng
_aeng
082 _aV2:2:9Z, K5
100 _aJoshi G.N. Au.
245 0 _aAspects of indian constitutional law
260 _aBombay
_bP.C. Manaktala and sons private limited India
_c1965
300 _a287p
_ccm.
942 _hV2:2:9Z, K5
_cTEXL
_2CC
999 _c1130805
_d1130805